Amsterdam en images - Statistiques

Statistiques générales
  • Ce quiz a été pris 67 fois
  • Le résultat moyen est 8 sur 15
Statistiques - réponses
Par images Hint Réponse % Correct
Moyen de transport Vélo
100%
Pays Pays-Bas
98%
Jeune auteure allemande Anne Frank
97%
Marque de bière Heineken
92%
Club de football Ajax Amsterdam
85%
Musée d’art Musée van Gogh
68%
Peintre Rembrandt
51%
Fleuve / bière Amstel
48%
Stade de football Johan Cruijff ArenA
46%
Footballeur néerlandais Johan Cruyff
46%
Bancassurance ING
40%
Place Place du Dam
29%
Groupe de rock (membres fondateurs nés à Amsterdam) Van Halen
25%
Philosophe néerlandais Baruch Spinoza
18%
Musée du cinéma EYE
3%
Aucun quiz correspondant
Distribution des résultats
% des personnes avec chaque résultat
Percentile par nombre de réponses
Votre historique - résultats
Vous n’avez pas pris ce quiz